000 06705namaa22004451i 4500
003 EG-GICUC
005 20260422131238.0
008 260408s2025 ua a|||frm||| 000 0 eng d
040 _aEG-GICUC
_beng
_cEG-GICUC
_dEG-GICUC
_erda
041 0 _aeng
_beng
_bara
049 _aDeposit
082 0 4 _a615.82
092 _a615.82
_221
097 _aM.Sc
099 _aCai01.21.07.M.c.2025.No.K
100 0 _aNosiba Abdelnasser Gabarty Abdelwahed,
_epreparation.
245 1 0 _aKinesiotape and polarized light therapy on post-burn scars /
_cby Nosiba Abdelnasser Gabarty Abdelwahed ; Superviors Prof. Dr. Amal Mohamed Abd El Baky, Prof. Dr. Hanan Rabea Ibrahim Nada, Prof. Dr. Shaimaa Mohamed Ahmed Elsayeh.
246 1 5 _aشريط كينيسيو والعلاج بالضوء المستقطب على ندبات ما بعد الحروق
264 0 _c2025.
300 _a78 pages :
_billustrations ;
_c25 cm. +
_eCD.
336 _atext
_2rda content
337 _aUnmediated
_2rdamedia
338 _avolume
_2rdacarrier
502 _aThesis (M.Sc)-Cairo University, 2025.
504 _aBibliography: pages 66-75.
520 3 _aBackground: Hypertrophic scars from burns present a significant therapeutic challenge due to their association with contractures, pain, cosmetic disfigurement, and psychological distress. Objective: To evaluate the effectiveness of combining Kinesiotaping and polarized light therapy in improving post-burn scar outcomes. Subjects and Methods: Sixty-nine male and female patients with post-burn hypertrophic scars, aged 20–45 years, participated in this randomized controlled trial. Patients were randomly assigned to three equal groups: Group A received Bioptron polarized light therapy followed by Kinesiotaping, Group B received polarized light therapy only, and Group C received Kinesiotaping only. All interventions were applied three times weekly for four weeks, alongside a standardized scar management protocol. Scar firmness was objectively measured using a modified Schiotz tonometer, while scar characteristics—vascularity, pigmentation, pliability, and height—were assessed using the Modified Vancouver Scar Scale (mVSS), pre- and post-intervention. Results: All groups showed significant improvement in scar firmness post-intervention (p < 0.001), with the greatest improvement in Group A, followed by Groups B and C. Intergroup differences in post-treatment firmness were statistically significant (p < 0.05). mVSS scores also improved significantly in all groups (p < 0.001), with Group A showing the most marked reduction. Significant differences in mVSS scores were noted among the three groups after treatment (p < 0.05). Conclusion: Combining Kinesiotaping with polarized light therapy resulted in superior improvements in post- burn scar outcomes compared to either treatment alone. This combined approach is recommended in rehabilitation protocols for hypertrophic burn scars.
520 3 _aالخلفية: تشكل الندبات المتضخمة الناتجة عن الحروق تحديًا علاجيًا كبيرًا بسبب ارتباطها بالتقلصات، الألم، التشوهات الشكلية، والضغوط النفسية. الهدف: هدفت هذه الدراسة إلى تقييم فاعلية الدمج بين العلاج بإستخدام شريط كينيسيو والعلاج بالضوء المستقطب في تحسين نتائج ندبات ما بعد الحروق. المواد والطرق: شارك 69 مريضًا من الذكور والإناث، تتراوح أعمارهم بين 20–45 عامًا، ممن يعانون من ندبات متضخمة ناتجة عن الحروق في تجربة عشوائية محكمة. تم توزيع المشاركين عشوائيًا إلى ثلاث مجموعات متساوية :المجموعة (أ): تلقت العلاج بالضوء المستقطب يليه العلاج بشريط كينيسيو، المجموعة (ب): تلقت العلاج بالضوء المستقطب فقط، المجموعة (ج): تلقت العلاج بشريط كينيسيو فقط .تم تطبيق جميع التدخلات ثلاث مرات أسبوعيًا لمدة أربعة أسابيع، إلى جانب بروتوكول موحد لإدارة الندبات. تم قياس صلابة الندبة بشكل موضوعي باستخدام مقياس شيوتز المعدل، بينما تم تقييم خصائص الندبة من حيث الأوعية الدموية، التصبغ، الليونة، والارتفاع باستخدام مقياس فانكوفر المعدل قبل وبعد التدخل. النتائج :أظهرت جميع المجموعات تحسنًا كبيرًا في صلابة الندبة بعد التدخل (p < 0.001)، وكانت أعلى نسبة تحسن في المجموعة (أ)، تليها المجموعتان (ب) و(ج). كما وجدت فروق ذات دلالة إحصائية بين المجموعات في صلابة الندبة بعد العلاج (p < 0.05). تحسنت درجات مقياس فانكوفر المعدل بشكل ملحوظ في جميع المجموعات (p < 0.001)، وسجلت المجموعة (أ) أعلى نسبة انخفاض. كما تم تسجيل فروق معنوية في درجات مقياس فانكوفر المعدل بين المجموعات الثلاث بعد العلاج .(p < 0.05) الخلاصة: إن الدمج بين العلاج بشريط كينيسيو والعلاج بالضوء المستقطب يؤدي إلى تحسينات أفضل في نتائج ندبات الحروق المتضخمة مقارنة بكل علاج منفرد، ويوصى بإستخدام هذا النهج المركب في بروتوكولات التأهيل لندبات الحروق المتضخمة.
530 _aIssues also as CD.
546 _aText in English and abstract in Arabic & English.
650 0 _aPhysical Therapy
650 0 _aاﻟﻌﻼج اﻟﻄﺒﻴﻌﻲ
653 1 _aBurn rehabilitation
_ahypertrophic scar
_akinesiotaping
_apolarized light therapy
_aphotobiomodulation
_aإعادة تأهيل الحروق
_aالندبة المتضخمة
700 0 _aAmal Mohamed Abd El Baky
_ethesis advisor.
700 0 _aHanan Rabea Ibrahim Nada
_ethesis advisor.
700 0 _aShaimaa Mohamed Ahmed Elsayeh
_ethesis advisor.
900 _b01-01-2025
_cAmal Mohamed Abd El Baky
_cHanan Rabea Ibrahim Nada
_cShaimaa Mohamed Ahmed Elsayeh
_UCairo University
_FFaculty of Physical Therapy
_DDepartment of Physical Therapy for Surgery
905 _aShimaa
_eEman Ghareb
942 _2ddc
_cTH
_e21
_n0
999 _c179321